00674 2200241 4500001002100000005001700021008004100038020001800079035002400097082001000121090002200131100001600153245007100169260002700240300003000267500003100297650002100328700002500349850001600374980001400390985000600404999002200410YOGYA-0209000004619420090227031115.0 ind  a979-763-170-2 0010-020900000046194 a651.3 a651.3bAdi FlDEP aADI SUNARNO aFront office managementcAdi Seonarno; editor, Fl. Sigit Suyantoro aYogyakartabAndic2006 axvi, 432 hlmbilusc23 cm aBibliografi : hlm. 425-429 aManajemen kantor aSuyantoro, Fl. Sigit aYOPDYOG (M) a29-6-2007 a1 aCB-D.11 2006-417h